• 首页
  • 本馆介绍
  • 公告通知
  • 最新文献
  • 馆藏检索
  • 电子资源
  • 读者导购
  • 参考咨询
  • 我的图书馆
  • 登录
  • 详细信息显示
  • 放入我的书架
  • 预约/预借图书
  • 作者相关作品
  • 分类相关作品
  • 丛书相关作品
  • 出版社相关作品

书目信息

  • 表格格式
  • 工作单格式
  • 卡片格式
题名:
2024年国家法律职业资格考试通用教材
    
 
作者: 杨秀清 编著
分册: 第四册   民事诉讼法与仲裁制度
出版信息: 北京   中国政法大学出版社  2024
页数: 290页
开本: 26cm
丛书名:
单 册:
中图分类: D920.4 , D9
科图分类:
主题词: 中华人民共和国民事诉讼法--资格考试--教材 , 仲裁法--资格考试--教材 , 法律
电子资源:
ISBN: 978-7-5764-1274-1
000 01494nam0 2200301 450
001 012024000061
005 20240925153054.72
010    @a978-7-5764-1274-1@dCNY65.00
100    @a20240924d2024 em y0chiy50 ea
101 0  @achi
102    @aCN@b110000
105    @ak z 000yy
106    @ar
200 1  @a2024年国家法律职业资格考试通用教材@A2024 nian guo jia fa lu zhi ye zi ge kao shi tong yong jiao cai@h第四册@i民事诉讼法与仲裁制度@f杨秀清编著
210    @a北京@c中国政法大学出版社@d2024
215    @a290页@d26cm
300    @a法大法考 杨秀清讲民诉法
314    @a杨秀清,中国政法大学民商经济法学院副院长,教授,博士生导师,民事诉讼法学研究会主事。主持或者参与司法部、中国法学会、教育部等项目研究。
330    @a本书为民事诉讼法与仲裁部分。本书严格按照国家统一法律职业资格考试大纲编撰,体系完整,编排得当,重点突出,内容丰富,表述精准,文字简明。全书渗透着参编教师多年的教学经验,体现着对法律职业资格考试规律和应考学科知识的深刻理解和把握,同时适应备考人员的学习方式、学习习惯等特点。对于相关知识点进行了解析和提示,帮助考生熟悉考试情况,适应考试规律。方便考生在理解试题的同时,也能够准确把握考点所在。
517 1  @a民事诉讼法与仲裁制度@Amin shi su song fa yu zhong cai zhi du
606 0  @a中华人民共和国民事诉讼法@x资格考试@j教材
606 0  @a仲裁法@x资格考试@j教材
606 0  @a法律
690    @aD920.4@v5
690    @aD9@v4
701  0 @a杨秀清@Ayang xiu qing@4编著
801  0 @aCN@bAHXH@c20240924
905    @b214131857@b214131866@b214131875@b214131884@b214131893@dD9@e920:4@f5
    
    2024年国家法律职业资格考试通用教材.第四册.民事诉讼法与仲裁制度/杨秀清编著.-北京:中国政法大学出版社,2024
    290页;26cm
    法大法考 杨秀清讲民诉法
    
    ISBN 978-7-5764-1274-1:CNY65.00
    本书为民事诉讼法与仲裁部分。本书严格按照国家统一法律职业资格考试大纲编撰,体系完整,编排得当,重点突出,内容丰富,表述精准,文字简明。全书渗透着参编教师多年的教学经验,体现着对法律职业资格考试规律和应考学科知识的深刻理解和把握,同时适应备考人员的学习方式、学习习惯等特点。对于相关知识点进行了解析和提示,帮助考生熟悉考试情况,适应考试规律。方便考生在理解试题的同时,也能够准确把握考点所在。
●
相关链接 在E读中查询图书 在五车中查询图书 在当当中查询图书 在豆瓣中查询图书


正题名:2024年国家法律职业资格考试通用教材     索取号:D9/920:4         预约/预借

序号 登录号 条形码 馆藏地/架位号 状态 备注
1 1413185   214131857   第一样本阅览室/ [索取号:D9/920:4] 在馆    
2 1413186   214131866   第一借阅区/ [索取号:D9/920:4] 在馆    
3 1413187   214131875   第一借阅区/ [索取号:D9/920:4] 在馆    
4 1413188   214131884   第一借阅区/ [索取号:D9/920:4] 在馆    
5 1413189   214131893   第一借阅区/ [索取号:D9/920:4] 在馆    
唐山师范学院图书馆 欢迎您!
大连网信软件有限公司© 版权所有